[Event "ITA-ch (Women)"]
[Site "Bratto"]
[Date "2005.08.23"]
[Round "4"]
[White "Rigo, Caterina"]
[Black "Merendino, Elda"]
[Result "1-0"]
[WhiteElo "1718"]
[BlackElo "1556"]
[PlyCount "85"]
[EventDate "2005.08.20"]
[EventType "swiss"]
[EventRounds "9"]
[EventCountry "ITA"]
[SourceTitle "CBM 108 Extra"]
[Source "ChessBase"]
[SourceDate "2005.11.04"]
[SourceVersion "1"]
[SourceVersionDate "2005.11.04"]
[SourceQuality "1"]

1. e4 d6 2. d4 Nf6 3. Nc3 g6 4. Nf3 Bg7 5. Bg5 0-0 6. Qd2 Nbd7 7. 0-0-0 c5 8. Bh6 Nb6 9. Bxg7 Kxg7 10. dxc5 Nbd7 11. cxd6 e6 12. h3 a6 13. Qd4 Kg8 14. Qe3 Kg7 15. e5 Ng8 16. h4 b5 17. h5 h6 18. hxg6 fxg6 19. Bd3 Bb7 20. Be4 Bxe4 21. Qxe4 Rb8 22. Qg4 Qe8 23. Rd2 a5 24. Nd4 Nxe5 25. Qxe6 Nc4 26. Re2 Qd8 27. Nc6 Qg5+ 28. Kb1 Rb7 29. Qd5 Qg4 30. Qd4+ Qxd4 31. Nxd4 b4 32. Na4 Rf6 33. Nc5 Ra7 34. Nde6+ Kf7 35. d7 Ra8 36. d8Q Rxd8 37. Nxd8+ Kg7 38. Rd1 Nb6 39. Nd7 Nxd7 40. Rxd7+ Kh8 41. Nf7+ Kh7 42. Ng5+ Kh8 43. Rh7# 1-0

[Event "ITA-ch (Women)"]
[Site "Bratto"]
[Date "2005.08.21"]
[Round "2"]
[White "Fittante, Giuliana"]
[Black "Merendino, Elda"]
[Result "1-0"]
[WhiteElo "1879"]
[BlackElo "1556"]
[PlyCount "83"]
[EventDate "2005.08.20"]
[EventType "swiss"]
[EventRounds "9"]
[EventCountry "ITA"]
[SourceTitle "CBM 108 Extra"]
[Source "ChessBase"]
[SourceDate "2005.11.04"]
[SourceVersion "1"]
[SourceVersionDate "2005.11.04"]
[SourceQuality "1"]

1. d4 d6 2. Nf3 Nf6 3. c4 g6 4. Nc3 Bg7 5. g3 0-0 6. Bg2 Nbd7 7. 0-0 c5 8. e3 Qa5 9. Qd2 a6 10. Nd5 Qd8 11. Nc3 Nb6 12. b3 Bd7 13. Bb2 Qc8 14. Rfe1 Bh3 15. Bh1 Rb8 16. Ng5 Bd7 17. Nge4 Bc6 18. Nxf6+ Bxf6 19. d5 Bd7 20. Ne4 Bg7 21. Bxg7 Kxg7 22. f4 Bh3 23. Nf2 Rh8 24. e4 Bd7 25. Qc3+ Kg8 26. e5 Qf8 27. exd6 exd6 28. Ne4 Qg7 29. Qxg7+ Kxg7 30. Nxd6 Nc8 31. Nxc8 Rbxc8 32. Re7 Rcd8 33. Rae1 b6 34. Kf2 Rhe8 35. Bf3 a5 36. Rxd7 Rxe1 37. Rxd8 Ra1 38. a4 Ra2+ 39. Ke3 Rxh2 40. Re8 Rh3 41. d6 Rxg3 42. d7 1-0